|
|
|
|
| LEADER |
00000nam a2200000 a 4500 |
| 001 |
vtls011134986 |
| 003 |
SK-MaSNL |
| 005 |
20260301091407.0 |
| 008 |
160718s2016 xo a b 000 j slo |
| 015 |
|
|
|a SNBA2016/01
|
| 020 |
|
|
|a 9788055614496 (viaz.)
|
| 035 |
|
|
|a 57C66D75-A80D-485D-985A-488224B63BFB
|
| 035 |
|
|
|a urn:nbn:sk:snk-aml7qj
|
| 035 |
|
|
|a urn:nbn:sk:snk-am008tbv
|
| 040 |
|
|
|a SNK
|b slo
|c SNK
|e AACR2
|
| 041 |
0 |
|
|a slo
|
| 044 |
|
|
|a xo
|c SK
|
| 072 |
|
7 |
|a 821.162.4-3
|x Slovenská próza
|2 konspekt
|
| 072 |
|
7 |
|a 821-93
|x Literatúra pre deti a mládež (beletria)
|2 konspekt
|
| 080 |
|
|
|a 821.162.4-32
|2 2001
|
| 080 |
|
|
|a 821-93
|2 2001
|
| 100 |
1 |
|
|a Kerekesová, Katarína,
|d 1974-
|4 aut
|4 ill
|9 120810
|
| 245 |
1 |
0 |
|a Mimi & Líza
|n 2
|c napísali Katarína Kerekesová, Katarína Moláková, Alexandra Salmela ; ilustrovali Katarína Kerekesová, Boris Šima, Ivana Šebestová
|
| 250 |
|
|
|a 1. slov. vyd.
|
| 260 |
|
|
|a Bratislava
|b Slovart
|b Fool Moon
|c 2015
|
| 300 |
|
|
|a 163 s.
|b fareb. ilustr.
|c 20 cm
|
| 655 |
|
7 |
|a slovenské príbehy
|2 SNKPH
|9 70494
|
| 655 |
|
7 |
|a publikácie pre deti
|2 SNKPH
|9 70148
|
| 655 |
|
7 |
|a Slovak stories
|2 SNKPHeng
|9 277112
|
| 655 |
|
7 |
|a Children's literature
|2 SNKPHeng
|9 276039
|
| 700 |
1 |
|
|a Moláková, Katarína
|4 aut
|9 420556
|
| 700 |
1 |
|
|a Salmela, Alexandra,
|d 1980-
|4 aut
|9 151371
|
| 700 |
1 |
|
|a Šima, Boris,
|d 1977-
|4 ill
|9 170790
|
| 700 |
1 |
|
|a Šebestová, Ivana
|4 ill
|9 420557
|
| 852 |
|
|
|a Štátna vedecká knižnica v Banskej Bystrici
|
| 919 |
|
|
|a 978-80-556-1449-6
|
| 958 |
|
|
|a LX
|
| 958 |
|
|
|a DB
|
| 999 |
|
|
|c 671111
|d 673041
|
| 952 |
|
|
|a SNK
|b SNK
|y PREZ
|7 0
|p 17A1178038
|o snkSD 82808/2
|i snk2016/1543
|8 0
|0 0
|1 0
|4 0
|d 2016-01-21
|f 1
|l 0
|r 2025-12-04 00:00:00
|w 2026-02-23
|
| 952 |
|
|
|a SNK
|b SNK
|y PREZ
|7 0
|p 17A1178039
|o snkSD 82808/2 D1
|i snk2016/1544
|8 0
|0 0
|1 0
|4 0
|d 2016-01-21
|l 0
|r 2017-06-30 00:00:00
|w 2026-02-23
|